MARC

LEADER 00000nam0a2200000 4500
001 51114
005 20231031034531.0
035 |a (RuTPU)RU\TPU\book\53515 
090 |a 51114 
100 |a 20030424d1999 m y0rusy50 ca 
101 0 |a rus 
102 |a RU 
105 |a y j 001zy 
200 1 |a Метрологические основы поверки и калибровки средств электрических измерений  |e учебное пособие  |f Л. А. Романова  |g Академия стандартизации, метрологии и сертификации (учебная) Госстандарта России 
210 |a Москва  |c АСМС  |d 1999 
215 |a 67 с. 
320 |a Библиогр.: с. 65-66 
610 1 |a электроизмерительные приборы 
610 1 |a средства измерений 
610 1 |a поверка 
610 1 |a калибровка 
610 1 |a метрологические основы 
610 1 |a измерения 
610 1 |a погрешности 
610 1 |a точность 
610 1 |a учебные пособия 
675 |a 621.317.7.089.6(07)  |v 3 
700 1 |a Романова  |b Л. А.  |g Людмила Александровна 
712 0 2 |a Академия стандартизации, метрологии и сертификации (учебная) Госстандарта России  |2 stltpush  |3 (RuTPU)RU\TPU\col\802 
801 1 |a RU  |b 63413507  |c 20030424  |g PSBO 
801 2 |a RU  |b 63413507  |c 20100824  |g PSBO 
942 |c BK